ZWYCIĘZCY GOLDEN BOYA! - Statystyki

Ogólne statystyki
  • Ten quiz został rozwiązany 223 razy
  • Średni wynik to 11 z 20
Statystyki odpowiedzi
NARODOWOŚĆ ROK ZDOBYCIA POZYCJA ZAWODNIK % Poprawnych
Francja 2017 Napastnik Mbappe
94%
Hiszpania 2021 Pomocnik Pedri
94%
Hiszpania 2022 Pomocnik Gavi
93%
Norwegia 2020 Napastnik Haaland
90%
Argentyna 2005 Napastnik Messi
85%
Portugalia 2019 Napastnik Felix
77%
Holandia 2018 Obrońca de Ligt
74%
Portugalia 2016 Pomocnik Sanches
66%
Francja 2013 Pomocnik Pogba
61%
Anglia 2004 Napastnik Rooney
53%
Argentyna 2007 Napastnik Aguero
50%
Włochy 2010 Napastnik Balotelli
47%
Francja 2015 Napastnik Martial
44%
Anglia 2014 Napastnik Sterling
43%
Niemcy 2011 Pomocnik Gotze
34%
Hiszpania 2006 Pomocnik Fabregas
33%
Brazylia 2009 Napastnik Pato
33%
Hiszpania 2012 Pomocnik Isco
24%
Brazylia 2008 Pomocnik Anderson
21%
Holandia 2003 Pomocnik van der Vaart
21%
Nie znaleziono quizów pasujących do podanych kryteriów
Rozkład punktacji
Procent ludzi z każdym wynikiem
Percentyl według liczby udzielonych odpowiedzi
Twoja historia wyników
Nie rozwiązałeś tego quizu